| 000 | 00945nam a22002177a 4500 | ||
|---|---|---|---|
| 999 |
_c18024 _d18024 |
||
| 003 | BDDh-ASL | ||
| 005 | 20231015025654.0 | ||
| 008 | 200917b1993 ||||| |||| 00| 0 d | ||
| 020 | _a9840604264 | ||
| 040 |
_aBDDh-ASL _cBDDh-ASL _dBDDh-ASL |
||
| 041 | _abengali | ||
| 082 |
_a297.45492 _bSAB |
||
| 100 | 1 |
_aসাকলায়েন, গোলাম _9842 |
|
| 245 | 1 |
_aবাংলাদেশের সূফী সাধক/ _cগোলাম সাকলায়েন |
|
| 246 | _aBangladesher Sufi-Sadhak. | ||
| 260 |
_aঢাকা: _bইসলামিক ফাউণ্ডেশন বাংলাদেশ, _c১৯৯৩। |
||
| 300 |
_aচৌদ্দ, ৩৪৩ পৃষ্ঠা: _c২২ সে.মি.। |
||
| 504 | _aগ্রন্থপঞ্জি ও নির্ঘন্ট সংযুক্ত। | ||
| 650 | 0 |
_9764 _aসুফী মতবাদ _xইসলাম ধর্ম |
|
| 942 |
_2ddc _cBK |
||